| 000 | 00850nam a2200241Ia 4500 | ||
|---|---|---|---|
| 999 |
_c39848 _d39848 |
||
| 001 | 6453 | ||
| 003 | GE_BSU | ||
| 005 | 20191011113852.0 | ||
| 008 | 181216s1973||||ge |||||||||||||| ||ge || | ||
| 040 | _cGE_BSU | ||
| 041 | _ageo | ||
| 080 | _a821.353.1-31 ბ-50 | ||
| 100 |
_aბეჟანიშვილი, როსტომ. _94684 |
||
| 245 |
_aსამამულე რქა : _bრომანი / _cროსტომ ბეჟანიშვილი ; რედ. ჯ. ნიქაბაძე. |
||
| 260 | _aთბილისი. | ||
| 260 | _bსაბჭ.აჭარა. | ||
| 260 | _c1967. | ||
| 300 |
_a242 გვ. ; _c22 სმ. |
||
| 653 | _aსამამულე რქა | ||
| 653 | _aრომანი | ||
| 700 |
_aკანდელაკი, ნ. _eრედაქტორი _94690 |
||
| 942 |
_cBK _2udc |
||